| 000 | 01372cam a2200373 i 4500 | ||
|---|---|---|---|
| 001 | 21911051 | ||
| 003 | NUST | ||
| 005 | 20240306130131.0 | ||
| 008 | 210213s2020 sz a b 001 0 eng | ||
| 010 | _a 2020484726 | ||
| 020 |
_a9783038601340 _qhalf cloth |
||
| 035 | _a(GyWOH)har190002108 | ||
| 038 | _aMalang Jan | ||
| 040 |
_aDLC _beng _cDLC _erda |
||
| 042 | _apcc | ||
| 043 | _ae-ru--- | ||
| 050 | 0 | 0 |
_aN332.R93 _bM673 2020 |
| 082 |
_a707.14731 _bBOK |
||
| 100 | 1 |
_aBokov, Anna, _eauthor _9121930 |
|
| 245 | 1 | 0 |
_aAvant-garde as method : _bVkhutemas and the pedagogy of space, 1920-1930 / _cAnna Bokov. |
| 264 | 1 |
_aZurich : _bPark Books, _c[2020] |
|
| 300 |
_a624 pages : _billustrations (partly color) ; _c32 cm |
||
| 336 |
_atext _btxt _2rdacontent |
||
| 337 |
_aunmediated _bn _2rdamedia |
||
| 338 |
_avolume _bnc _2rdacarrier |
||
| 504 | _aIncludes bibliographical references and index. | ||
| 610 | 2 | 0 |
_aVKhUTEMAS (Art school) _xHistory. _9121931 |
| 650 | 0 |
_aConstructivism (Architecture) _zRussia (Federation) _xHistory _y20th century _9121932 |
|
| 650 | 0 |
_aAvant-garde (Aesthetics) _zRussia (Federation) _xHistory _y20th century _9121933 |
|
| 650 | 0 |
_aSpace (Architecture) _931755 |
|
| 906 |
_a7 _bcbc _corigres _d3 _encip _f20 _gy-gencatlg |
||
| 942 |
_2ddc _cBK |
||
| 999 |
_c608583 _d608583 |
||